Normal view
MARC view
- Barber, Charles Laurence.
Entry Personal Name
001 - CONTROL NUMBER
- control field: 307
003 - CONTROL NUMBER IDENTIFIER
- control field: NUST
005 - DATE AND TIME OF LATEST TRANSACTION
- control field: 20170510162557.0
008 - FIXED-LENGTH DATA ELEMENTS
- fixed length control field: 170510|| aca||aabn | a|a d
040 ## - CATALOGING SOURCE
- Original cataloging agency: NUST
- Transcribing agency: NUST
100 ## - HEADING--PERSONAL NAME
- Personal name: Barber, Charles Laurence.
670 ## - SOURCE DATA FOUND
- Source citation: Work cat.: (NUST)23597: Barber, Charles Laurence., The story of language, c2007
